Banská Bystrica, Medený hámor - architektonická štúdia nového využitia areálu priemyselného dedičstva
Saved in:
| Main Author: | |
|---|---|
| Other Authors: | |
| Format: | Manuscript Book |
| Language: | Slovak |
| Published: |
Bratislava
2015
|
| Subjects: | |
| Online Access: | http://is.stuba.sk/zp/portal_zp.pl?podrobnosti=112126 |
| Tags: |
No Tags, Be the first to tag this record!
|
MARC
| LEADER | 00000ntm a22000003a 4500 | ||
|---|---|---|---|
| 001 | stuzp51814 | ||
| 003 | SK-STU | ||
| 005 | 20210304095257.2 | ||
| 007 | ta | ||
| 008 | 150427s2015----xo-----f-mn---000-0-slo-d | ||
| 040 | |a STU |b slo | ||
| 041 | 0 | |a slo | |
| 100 | 1 | |a Michalová, Natália, |d 1990- |u 053130 |4 aut |U FAD Fakulta architektúry a dizajnu |U FAD Fakulta architektúry |T FA Ústav dejín a teórie architektúry a obnovy pamiatok |X 68178 |U A3130 |Y 394 |7 A000068178 | |
| 242 | 0 | 1 | |a Banská Bystrica, Banská Bystrica - architectural study of the new utilization of the inudustrial heritage |y eng |
| 245 | 1 | 0 | |a Banská Bystrica, Medený hámor - architektonická štúdia nového využitia areálu priemyselného dedičstva |
| 260 | |c 2015 |a Bratislava | ||
| 650 | 4 | |a história medi |2 slo | |
| 650 | 4 | |a výstavné priestory |2 slo | |
| 650 | 4 | |a science centrum |2 slo | |
| 650 | 4 | |a science centre |2 eng | |
| 650 | 4 | |a history of copper |2 eng | |
| 650 | 4 | |a exhibition spaces |2 eng | |
| 700 | 1 | |a Kráľová, Eva, |d 1951- |4 ths |X 391 |7 A000000391 | |
| 856 | 4 | |u http://is.stuba.sk/zp/portal_zp.pl?podrobnosti=112126 |u https://opac.crzp.sk/?fn=detailBiblioForm&sid=A7BD2F096A49022F25C99537FE46 | |
| SQL | |a stuzp51814 |b DDP |c SLO |d Banská Bystrica, Medený hámor - architektonická štúdia nového využitia areálu priemyselného dedičstva |e 68178 |f Michalová, Natália |g 053130 |h 391 |i Kráľová, Eva |j 20150604 |k 153 |l 05 |m http://is.stuba.sk/zp/portal_zp.pl?podrobnosti=112126 |n I-ARCH |o 5.1.1. architektúra a urbanizmus | ||